| Tag |
First Indicator |
Second Indicator |
Subfields |
| LEADER |
00000cas a2200000 a 4500 |
| 001 |
in00002127521 |
| 005 |
20151103063823.0 |
| 006 |
m d |
| 007 |
cr bnu-------- |
| 008 |
051207d19401983txuqr pss o 0 0eng d |
| 010 |
|
|
|a 2005237363
|
| 022 |
|
|
|y 0038-321X
|
| 035 |
|
|
|a (OCoLC)ocm62483151
|
| 040 |
|
|
|a EYM
|c EYM
|d HUL
|d TXA
|d UtOrBLW
|
| 042 |
|
|
|a lcd
|
| 049 |
|
|
|a TXAM
|
| 050 |
1 |
4 |
|a PB1
|b .S6 Electronic
|
| 130 |
0 |
|
|a South Central bulletin (Online)
|
| 245 |
1 |
4 |
|a The South Central bulletin.
|
| 264 |
|
1 |
|a New Orleans, La. :
|b South Central Modern Language Association,
|c 1940-1983.
|
| 310 |
|
|
|a Quarterly,
|b <1977>-1983
|
| 321 |
|
|
|a Frequency varies,
|b 1940-
|
| 336 |
|
|
|a text
|b txt
|2 rdacontent
|
| 337 |
|
|
|a computer
|b c
|2 rdamedia
|
| 338 |
|
|
|a online resource
|b cr
|2 rdacarrier
|
| 362 |
0 |
|
|a Vol. 1, no. 1 (Dec. 1940)-v. 43, no. 4 (winter 1983).
|
| 500 |
|
|
|a Title from title screen (JSTOR, viewed Dec. 7, 2005).
|
| 500 |
|
|
|a Winter number also has title: Studies by members of SCMLA.
|
| 500 |
|
|
|a Place of publication varies.
|
| 530 |
|
|
|a Also issued in print.
|
| 538 |
|
|
|a Mode of access: World Wide Web.
|
| 550 |
|
|
|a Official publication of the South Central Modern Language Association.
|
| 580 |
|
|
|a Split into: South Central review (Online), and: South-Central Modern Language Association. South Central newsletter (Online).
|
| 500 |
|
|
|a Electronic resource.
|
| 650 |
|
0 |
|a Philology, Modern
|v Periodicals.
|
| 610 |
2 |
0 |
|a South-Central Modern Language Association
|v Periodicals.
|
| 710 |
2 |
|
|a South-Central Modern Language Association.
|
| 776 |
1 |
|
|t South Central bulletin
|x 0038-321X
|w (DLC) 83642124
|w (OCoLC)2740893
|
| 785 |
1 |
6 |
|t South Central review (Online)
|x 1549-3377
|w (DLC) 2004212210
|w (OCoLC)54707713
|
| 785 |
1 |
6 |
|a South-Central Modern Language Association.
|t South Central newsletter (Online)
|
| 948 |
|
|
|a cataloged
|b h
|c 2006/4/28
|d c
|e pbump
|
| 994 |
|
|
|a C0
|b TXA
|
| 999 |
|
|
|a MARS
|
| 999 |
f |
f |
|s ebf25887-f66a-3b17-b304-b50514f262a0
|i 658c6162-17ac-3ed0-ac88-3f94b5b51e76
|t 0
|
| 952 |
f |
f |
|a Texas A&M University
|b College Station
|c Electronic Resources
|d Available Online
|t 0
|e PB1 .S6
|g Electronic
|h Library of Congress classification
|
| 998 |
f |
f |
|a PB1 .S6
|t 0
|l Available Online
|